000
00286nam a2200133Ia 4500
100
_a
PANDE/S.S.
650
_a
PRODUCTION
942
_c
BK
366
_f
25
245
_a
COMPUTER GRAPHICS AND MODELLING
260
_b
Narosa
_a
New Delhi
_c
2012
082
_a
006.6/PAN
546
_a
ENGLISH
999
_c
21733
_d
21733